00912nam a2200193 a 450000100100000000500170001000800410002704000250006808200190009310000290011224500900014126000350023130000270026670000360029395201320032995201170046195201230057899900170070100003432520200930073635.0111003s19-- dr a 000 0 spa d aDO-SdBNPbspacBNPHU axxxxxxbxxxxxx1 aFrías, Salomé91602010aMi vida es una canción Lope Balaguer /cSalomé Frías ; prólogo Jorge Taveras. aSanto Domingo :bs. n.,c199u. a69 p. :bil. ;c22 cm.1 aTaveras, Jorge,epról.959753 001154708DSaGRbGRcMId2013-10-02iLF1l0oxxxxxx xxxxxxp34325-30r2020-06-25te. 3w2020-06-25yLFDSZPréstamo en sala 0010718PDaPDbPDcHDd2011-10-03iLF1l0oxxxxxx xxxxxxp34325-10r2020-06-25w2020-06-25yLFPDZNo se presta 0011718PDaPDbPDcMId2011-10-03iLF1l0oxxxxxx xxxxxxp34325-20r2020-06-25te. 2w2020-06-25yLFPDZNo se presta c33816d33816